Syria - Muhafazy - Podział administracyjny Syrii - Mapa - Statystyki

Ogólne statystyki
  • Ten quiz został rozwiązany 142 razy
  • Średni wynik to 8 z 14
Odpowiedzi na mapie
Odpowiedzi zakodowano w zielono-czerwonej skali na mapie do tego quizu, zgodnie z poniższymi procentami.
 
Statystyki odpowiedzi
Muhafaza Siedziba % Poprawnych
Damaszek Damaszek
98%
Miasto Damaszek Damaszek
98%
Aleppo Aleppo
84%
Latakia Latakia
64%
Hama Hama
59%
Hims Hims
57%
Tartus Tartus
55%
Ar-Rakka Ar-Rakka
54%
Idlib Idlib
54%
Dara Dara
48%
Al-Hasaka Al-Hasaka
46%
As-Suwajda As-Suwajda
41%
Dajr az-Zaur Dajr az-Zaur
30%
Al-Kunajtira Al-Kunajtira
27%
Nie znaleziono quizów pasujących do podanych kryteriów
Rozkład punktacji
Procent ludzi z każdym wynikiem
Percentyl według liczby udzielonych odpowiedzi
Twoja historia wyników
Nie rozwiązałeś tego quizu